Find Asia's Isogram Countries Quiz Stats

 Plays Quiz not verified by Sporcle

Challenge
Share
Tweet
Score 0/17 Timer 03:00
0 Plays Today
% Correct
China
94.4%
Iran
92.6%
Iraq
91.5%
Oman
90.1%
Turkey
87.9%
Nepal
86.5%
Syria
85.6%
Laos
85.6%
Vietnam
82.6%
% Correct
Jordan
80.5%
Bhutan
80.4%
Israel
79%
Brunei
68.4%
Kuwait
64.3%
Maldives
62%
Singapore
60.7%
Uzbekistan
56.4%

You're not logged in!

Compare scores with friends on all Sporcle quizzes.
Join for Free
OR
Log In

You Might Also Like...

Show Comments

Extras

Top Quizzes Today


Score Distribution

Your Account Isn't Verified!

In order to create a playlist on Sporcle, you need to verify the email address you used during registration. Go to your Sporcle Settings to finish the process.

Report this User

Report this user for behavior that violates our Community Guidelines.

Details: